| Tag |
First Indicator |
Second Indicator |
Subfields |
| LEADER |
00000cam a2200000Ia 4500 |
| 001 |
in00002710821 |
| 005 |
20151202142711.0 |
| 008 |
110120s2010 ncua b f000 0 eng d |
| 035 |
|
|
|a (OCoLC)ocn703207654
|
| 035 |
|
|
|a (OCoLC)703207654
|
| 040 |
|
|
|a MNU
|c MNU
|d ORE
|d GPO
|d FZU
|d UtOrBLW
|
| 043 |
|
|
|a n-us-la
|a n-usu--
|
| 049 |
|
|
|a TXAM
|
| 086 |
0 |
|
|a A 13.88:SRS-131
|
| 090 |
|
|
|a SD144.A15
|b G461 no.131
|
| 100 |
1 |
|
|a Miller, James H.
|q (James Howard),
|d 1944-
|
| 245 |
1 |
2 |
|a A management guide for invasive plants in southern forests /
|c James H. Miller, Steven T. Manning, and Stephen F. Enloe.
|
| 264 |
|
1 |
|a Asheville, NC :
|b U.S. Dept. of Agriculture, Forest Service, Southern Research Station,
|c [2010]
|
| 300 |
|
|
|a v, 120 pages :
|b color illustrations ;
|c 23 cm.
|
| 336 |
|
|
|a text
|b txt
|2 rdacontent
|
| 337 |
|
|
|a unmediated
|b n
|2 rdamedia
|
| 338 |
|
|
|a volume
|b nc
|2 rdacarrier
|
| 490 |
1 |
|
|a General technical report SRS ;
|v 131
|
| 500 |
|
|
|a "November 2010"--P. [2] of cover.
|
| 500 |
|
|
|a Format not distributed to depository libraries.
|
| 520 |
3 |
|
|a Invasions of nonnative plants into forests of the Southern United States continue to spread and include new species, increasingly eroding forest productivity, hindering forest use and management activities, and degrading diversity and wildlife habitat. This book provides the latest information on how to organize and enact prevention programs, build strategies, implement integrated procedures for management, and proceed towards site rehabilitation and restoration. Effective control prescriptions are provided for 56 nonnative plants and groups currently invading the forests of the 13 Southern States. A companion book, "A Field Guide for the Identification of Invasive Plants in Southern Forests," (Miller and others 2010) includes information and images for accurate identification of these invasive plants.
|
| 504 |
|
|
|a Includes bibliographical references (pages 103-107).
|
| 650 |
|
0 |
|a Invasive plants
|x Control
|z Southern States.
|
| 650 |
|
0 |
|a Invasive plants
|z Southern States.
|
| 700 |
1 |
|
|a Manning, Steven T.
|
| 700 |
1 |
|
|a Enloe, Stephen F.
|q (Stephen Frederick)
|
| 710 |
1 |
|
|a United States.
|b Forest Service.
|b Southern Research Station.
|
| 776 |
0 |
8 |
|i Online version:
|a Miller, James H. (James Howard), 1944-
|t Management guide for invasive plants in southern forests
|w (OCoLC)733800373
|
| 830 |
|
0 |
|a General technical report SRS ;
|v 131.
|
| 948 |
|
|
|a cataloged
|b h
|c 2011/9/09
|d c
|e mvaldespin
|f 10:12:34 am
|
| 994 |
|
|
|a C0
|b TXA
|
| 999 |
|
|
|a MARS
|
| 999 |
f |
f |
|s 0ac2f3c7-04a0-3b18-acd1-949703b154f0
|i 980243ac-4478-3128-8ff7-a3d92bce71f3
|t 0
|
| 952 |
f |
f |
|p normal
|a Texas A&M University
|b College Station
|c Sterling C. Evans Library
|d Evans: US Documents (Annex 5th floor)
|t 0
|e A 13.88:SRS-131
|h Superintendent of Documents classification
|i unmediated -- volume
|m A14837826329
|
| 998 |
f |
f |
|a A 13.88:SRS-131
|t 0
|l Evans: US Documents (Annex 5th floor)
|